000 00378 a2200145 4500
001 62963
040 _cAnchieta - Pituba
100 _aGil e Gustavo
240 1 0 _a1ª Avaliação de Ciências, I unidade
_lpor
245 1 0 _a1ª Avaliação de Ciências, I unidade
300 _a10
362 0 _a2017
650 4 _aBIOLOGIA, CIÊNICAS DA VIDA (CIÊNCIAS NATURAIS)
942 _cBK
999 _c62963
_d62963